000 01100nam a22001817a 4500
999 _c26354
_d26354
003 BDDh-ASL
005 20231015030632.0
008 211008n i ||||| |||| 00| 0 u d
040 _aBDDh-ASL
_cBDDh-ASL
082 _a297.4
_bABT
100 1 _94832
_aAbdullah, Maulavi
245 1 0 _aTaqwiyatul Qulub : / تقويۃ القلوب
246 _aTaqwiyatul Qulub
260 _aLucknow :
_bQawmi Press ,
300 _a150 p. :
_c24 cm.
650 0 _aSufism, ˈso͞ofˌizəm, সুফিবাদ, Suphibāda, রহস্যবাদ, obscurantism, সুফি-পীর-দরবেশ, Suphi-pīra-darabēśa, Sufi-pir-dervish, পীর-দরবেশ, Pīra-darabēśa, Peer-Darbesh, ওলী-আউলিয়ার, Ōlī-ā'uliẏāra, Oli-Auliar, yogi, ˈyōɡē, যোগী, Yōgī, সন্ন্যাসী, Sann'yāsī, monastic, ভিক্ষু, ধর্মার্থ মঠবাসী ব্যক্তি, recluse, monk, নির্জনবাসী ব্যক্তি, saint, sānt, সাধু, Sādhu, সন্ত, patron saint
_92764
942 _2ddc
_cBK